Makroökonomische Ansätze des Postkeynesianismus im Vergleich zur Neoklassik und zum Monetarismus diplomová práca

Saved in:
Bibliographic Details
Main Author: Frolková, Anna
Corporate Author: Ekonomická univerzita v Bratislave. Ústav medzinárodných programov
Other Authors: Klein, Martin
Format: Book
Language:German
Published: Bratislava 2012
Tags: Add Tag
No Tags, Be the first to tag this record!

MARC

LEADER 00000nam$a2200000$$$4500
001 0166241
005 20240318115024.9
041 0 |a ger 
044 |a SK 
245 1 0 |a Makroökonomische Ansätze des Postkeynesianismus im Vergleich zur Neoklassik und zum Monetarismus  |b diplomová práca  |c Anna Frolková ; školiteľ: Martin Klein 
264 1 |a Bratislava  |c 2012 
300 |a 57 s. 
500 |a Celouniverzitný študijný program: Medzinárodný finančný manažment (Internationales Finanzmanagement) 
100 1 |a Frolková, Anna 
700 1 |a Klein, Martin 
710 2 |a Ekonomická univerzita v Bratislave. Ústav medzinárodných programov